| 000 | 01666cam a2200421 a 4500 | ||
|---|---|---|---|
| 001 | 13598804 | ||
| 003 | EG-ScBUE | ||
| 005 | 20220222103759.0 | ||
| 008 | 040519s2005 enk f 000 1 eng d | ||
| 020 | _a0330483218 | ||
| 020 | _a9780330483216 | ||
| 040 |
_aDLC _beng _erda _cDLC _dDLC _dEG-ScBUE |
||
| 043 | _ae-uk-en | ||
| 082 | 0 | 4 |
_a823.914 _222 _bHOL |
| 100 | 1 |
_aHollinghurst, Alan, _eauthor. _924749 |
|
| 245 | 1 | 4 |
_aThe line of beauty / _cAlan Hollinghurst. |
| 264 | 1 |
_aLondon : _bPicador, _c2005. |
|
| 300 |
_a501 pages ; _c25 cm |
||
| 336 |
_2rdacontent _atext _btxt |
||
| 337 |
_2rdamedia _aunmediated _bn |
||
| 338 |
_2rdacarrier _avolume _bnc |
||
| 586 | _aThe Man Booker Prize, 2004. | ||
| 610 | 2 | 7 |
_aUniversity of Oxford _xAlumni and alumnae _vFiction. _2BUEsh _924750 |
| 650 | 7 |
_aMale friendship _vFiction. _924751 _2BUEsh |
|
| 650 | 7 |
_aSocial classes _vFiction. _924752 _2BUEsh |
|
| 650 | 7 |
_aMarried people _vFiction. _924753 _2BUEsh |
|
| 650 | 7 |
_aLegislators _vFiction. _924754 _2BUEsh |
|
| 650 | 7 |
_aRich people _vFiction. _924755 _2BUEsh |
|
| 650 | 7 |
_aYoung men _vFiction. _924756 _2BUEsh |
|
| 650 | 7 |
_aGay men _vFiction. _924757 _2BUEsh |
|
| 651 | 7 |
_aNotting Hill (London, England) _vFiction. _924758 _2BUEsh |
|
| 653 |
_cJune2011 _bHHUUEENN |
||
| 655 |
_vReading book _934232 |
||
| 856 | 4 | 2 |
_3Contributor biographical information _uhttp://www.loc.gov/catdir/bios/hol058/2004047660.html |
| 856 | 4 | 2 |
_3Publisher description _uhttp://www.loc.gov/catdir/description/hol053/2004047660.html |
| 942 |
_2ddc _cBB |
||
| 999 |
_c15553 _d15553 |
||